000 00578nam a2200229Ia 4500
003 OSt
005 20220923211721.0
006 a|||||r|||| 00| 0
007 ta
008 Pun
024 _a43,414
037 _cTextual
040 _aARTS
_cARTS
_bPun
041 _2Pun
_aPun
082 _aO153,3M97,TV, H5
100 _aਸਿੰਘ, ਨਾਨਕ
245 0 _aਟੁਟੀ ਵੀਣਾ
260 _c1945
650 _aਪੰਜਾਬੀ ਸਾਹਿਤ
942 _hO153,3M97,TV, H5
_cTEXL
_2CC
999 _c302860
_d302860